000 00627nam a2200229 a 4500
999 _c5562
_d5562
001 5562
003 BD-JhCC
005 20171218111457.0
008 171218s2008 ii a|||| || | 000 0 eng d
035 _a(BD-JhCC)5562
040 _aBD-JhCC
_dBD-JhCC
041 _aeng
082 _222
_a428.24
_bMAC 2008
100 _aMaCarthy, Michael
245 _aAcademic Vocabulary in Use /
_cMichael MaCarthy & Felicity O'Dell
260 _aIndia :
_bCambridge University Press,
_c2008.
300 _a176 p. :
_c26 cm.
650 _aVocabulary
_xEnglish Language
700 _aO'Dell, Felicity
942 _2ddc
_cBK